Václav Cigler : Caterina Tognon Arte Contemporanea, Campo San Maurizio & Palazzo da Ponte Istituto Veneto di Scienze, Lettere ed Arti, Giardino di Palazzo Cavalli Franchetti : Benátky, Itálie, [1. dubna - 29. září 2007] = Venice, Italy, [April 1st - September 29th 2007] = Venezia, Italia, [1 Aprile - 29 Settembre 2007 /
| Hlavní autor: | Cigler, Václav, 1929-2026 |
|---|---|
| Další autoři: | Petříček, Miroslav, 1951-, Šindelová, Jana, 1970-, Motyčka, Michal, 1974- |
| Jazyk: | Italština Čeština Angličtina |
| Vydáno: |
[Praha : Michal Motyčka], c2007 |
| Témata: | |
| Externí odkaz: |
Digitalizovaný dokument
|
| Fyzický popis: |
51, [8] s. : barev. il., portréty ; 25 cm |
| Language note: |
Souběžný anglický a italský text |
| LEADER | 02386nam a2200529 a 4500 | ||
|---|---|---|---|
| 001 | nkc20071730190 | ||
| 003 | CZ PrNK | ||
| 005 | 20181115235016.0 | ||
| 007 | ta | ||
| 008 | 071010s2007 xr ac e c 000 0dcze | ||
| 015 | |a cnb001730190 | ||
| 020 | |a 978-80-254-0086-9 |q (váz.) | ||
| 035 | |a (OCoLC)190752440 | ||
| 040 | |a ABA001 |b cze | ||
| 041 | 1 | |a cze |a eng |a ita |h cze | |
| 043 | |a e-xr--- | ||
| 045 | |a y0y0 | ||
| 072 | 7 | |a 74 |x Kresba. Umělecká řemesla |2 Konspekt |9 21 | |
| 080 | |a 748 |2 MRF | ||
| 080 | |a 7.038.544 |2 MRF | ||
| 080 | |a (437.3) |2 MRF | ||
| 080 | |a (083.824) |2 MRF | ||
| 100 | 1 | |a Cigler, Václav, |d 1929-2026 |7 jn20000400417 |4 art |4 aut | |
| 245 | 1 | 0 | |a Václav Cigler : |b Caterina Tognon Arte Contemporanea, Campo San Maurizio & Palazzo da Ponte Istituto Veneto di Scienze, Lettere ed Arti, Giardino di Palazzo Cavalli Franchetti : Benátky, Itálie, [1. dubna - 29. září 2007] = Venice, Italy, [April 1st - September 29th 2007] = Venezia, Italia, [1 Aprile - 29 Settembre 2007 / |c texty Václav Cigler, Miroslav Petříček, Jana Šindelová ; koncepce publikace Michal Motyčka, Jana Šindelová] |
| 246 | 1 | 4 | |a Cigler |
| 260 | |a [Praha : |b Michal Motyčka], |c c2007 | ||
| 300 | |a 51, [8] s. : |b barev. il., portréty ; |c 25 cm | ||
| 500 | |a Rozložená tit. s. | ||
| 500 | |a Životopisná data, přehled výstav a zastoupení ve sbírkách | ||
| 546 | |a Souběžný anglický a italský text | ||
| 600 | 1 | 7 | |a Cigler, Václav, |d 1929-2026 |7 jn20000400417 |2 czenas |
| 648 | 7 | |a 21. století |7 ch460559 |2 czenas | |
| 650 | 0 | 7 | |a umělecké sklo |7 ph126905 |z Česko |y 21. století |2 czenas |
| 650 | 0 | 7 | |a objekty (umění) |7 ph123590 |z Česko |2 czenas |
| 650 | 0 | 9 | |a art glass |z Czechia |y 21st century |2 eczenas |
| 650 | 0 | 9 | |a objects (art) |z Czechia |2 eczenas |
| 655 | 7 | |a katalogy výstav |7 fd132536 |2 czenas | |
| 655 | 9 | |a exhibition catalogs |2 eczenas | |
| 700 | 1 | |a Petříček, Miroslav, |d 1951- |7 jn99240000872 |4 aut | |
| 700 | 1 | |a Šindelová, Jana, |d 1970- |7 jn20000402833 |4 aut |4 edt | |
| 700 | 1 | |a Motyčka, Michal, |d 1974- |7 mzk2004252189 |4 edt | |
| 856 | 4 | 1 | |u http://www.digitalniknihovna.cz/mzk/uuid/uuid:a61fb950-88c2-11e8-9690-005056827e51 |y Digitalizovaný dokument |x NDK |
| 910 | 2 | |a BOA001 |b 2-1192.966 | |
| 990 | |a BK | ||
| 995 | |a 01 | ||
| 991 | |b 200710 |c NOV | ||
| 996 | 6 | |b 2610322365 |c 2-1192.966 |l MZK |r Sklad / do 1 hodiny |n 4 |p p.v. |w 000868972 |u 000010 |a 1 |e BOA001 |j MZK50 |s P | |
English
Čeština 